Rodchenko y Popova: definiendo el Constructivismo
Guardado en:
| Autor principal: | |
|---|---|
| Formato: | Libro |
| Lenguaje: | español |
| Publicado: |
Madrid
Museo Nacional Centro de Arte Reina Sofía
2009
|
| Materias: | |
| Etiquetas: |
Agregar Etiqueta
Sin Etiquetas, Sea el primero en etiquetar este registro!
|
MARC
| LEADER | 00000cam a2200000 a 4500 | ||
|---|---|---|---|
| 001 | UCG8333 | ||
| 003 | CL-VaPUC | ||
| 008 | 111202e20090000SP |||||||||||||||||spa|d | ||
| 020 | |a 9788492441785 | ||
| 082 | 0 | 4 | |a 709.04 |b TUP |2 21 |
| 100 | 0 | |a Tupitsyn, Margarita |e author |9 559325 | |
| 245 | 1 | 0 | |a Rodchenko y Popova: definiendo el Constructivismo |
| 300 | |a 193 p | ||
| 942 | |c BK | ||
| 945 | |d 20111202 00:00:00 |a dcastane | ||
| 260 | |a Madrid |b Museo Nacional Centro de Arte Reina Sofía |c 2009 | ||
| 650 | 0 | |a Constructivismo |9 268156 | |
| 650 | 7 | |a COMUNISMO Y ARTE |2 CL-VaPUC |9 322555 | |
| 650 | 0 | |a Arte moderno |9 265333 | |
| 583 | |a last modification |c 20111202 14:14:00 |k Rodrigo Vera | ||
| 999 | |c 345950 |d 345948 | ||
| 952 | |0 0 |1 0 |4 0 |6 709_040000000000000_TUP_2009 |7 0 |8 F |9 446353 |a BIBART |b BIBART |d 2019-11-22 |i 480595K |o 709.04 TUP 2009 |p 480595K |r 2025-03-13 |w 2019-11-22 |y BK_F |k ART | ||